Tự động hóa với hệ thống khí nén: Nguyên tắc thiết kế và tự động hóa
Bewaard in:
| Hoofdauteurs: | , |
|---|---|
| Formaat: | Sách |
| Taal: | Undetermined |
| Gepubliceerd in: |
Thanh Niên
2020
|
| Onderwerpen: | |
| Tags: |
Voeg label toe
Geen labels, Wees de eerste die dit record labelt!
|
| Thư viện lưu trữ: | Trung tâm Thư viện - Trường Đại học Công nghiệp TP. Hồ Chí Minh |
|---|
| LEADER | 00663nam a2200157Ia 4500 | ||
|---|---|---|---|
| 001 | UIH_08326 | ||
| 008 | 241002s9999 xx 000 0 und d | ||
| 082 | |a 621.51 | ||
| 100 | |a Lê, Hiếu Giang | ||
| 100 | |a Tự động hóa với hệ thống khí nén: Nguyên tắc thiết kế và tự động hóa | ||
| 245 | 0 | |a Tự động hóa với hệ thống khí nén: Nguyên tắc thiết kế và tự động hóa | |
| 260 | |b Thanh Niên | ||
| 260 | |c 2020 | ||
| 650 | |a Khí nén | ||
| 927 | |a Sách | ||
| 980 | |a Trung tâm Thư viện - Trường Đại học Công nghiệp TP. Hồ Chí Minh | ||